00385nam a2200145Ia 4500003000400000008004100004040001600045082002600061100002200087245005000109260002800159490000500187650001900192650002800211GCL140319s9999 xx 000 0 ara d aGCL / cGCL04aكاسيتb93bح ا1 aحسين بشير10aاجمل ابتسامة / cحسين بشير a[S.N] : bلا يوجد a04aالاغانى04aشرائط كاسيت